| 000 | | | 04206nac2a22002891x 450 |
| 001 | | | c22f7251-36a6-4199-8598-d102dee4d24c |
| 005 | | | 20151111212739.0 |
| 100 | ## | $a | 20150703l19191919k y0rusy50 ca |
| 101 | 0# | $a | rus |
| 102 | ## | $a | RU |
| 105 | ## | $a | y z |||e| |
| 122 | 2# | $a | d19190208 |
| | $a | d19191025 |
| 200 | 1# | $a | Переписка с Народными Комиссариатами Юстиции, Государственного Контроля и другими о национализации имущества церквей и монастырей |
| | $j | 8 февраля - 25 октября 1919 |
| 215 | ## | $a | 27 листов |
| 251 | ## | $c | Дело |
| 300 | ## | $a | Листы: 24 - малоконтрастный и трудночитаемый; 2, 21, 22 - поврежденные |
| 300 | ## | $a | Часть текста рукописная, часть - машинописная |
| 324 | ## | $a | В деле имеются копии отдельных документов |
| 330 | ## | $a | Входит в раздел описи: II. Канцелярия. А. Переписка с Наркоматами и другими учреждениями. 9. Народный Комиссариат Юстиции. а/ VIII. Отдел ликвидационный /отделение церкви от государства/ |
| 461 | #0 | $1 | 001ad6baeac-e292-4829-90d1-2f4f65796a62 |
| | $1 | 2001 |
| | $a | СОВЕТ НАРОДНЫХ КОМИССАРОВ РСФСР (СНК РСФСР) |
| | $1 | 251 |
| | $c | Фонд |
| | $1 | 852 |
| | $j | 130 |
| | $g | Р |
| 462 | #0 | $1 | 001b67950a2-451c-4959-b990-a53e352adcaa |
| | $1 | 2001 |
| | $a | 1919 год |
| | $v | Д. 210 |
| | $1 | 251 |
| | $c | Опись |
| | $1 | 852 |
| | $j | 3 |
| 601 | 01 | $3 | RU\NLR\AUTH\661074810 |
| | $a | РСФСР |
| | $b | Совет Народных Комиссаров |
| 601 | 01 | $3 | RU\NLR\AUTH\8810143285 |
| | $a | РСФСР |
| | $b | Народный комиссариат юстиции |
| 601 | 02 | $a | Народный комиссариат государственного контроля РСФСР |
| 801 | #0 | $a | RU |
| | $b | GA_RF |
| 801 | #1 | $a | RU |
| | $b | НПО Опыт |
| | $c | 20150703 |
| | $2 | rusmarc |
| 801 | #2 | $a | RU |
| | $b | ПБ им. Б.Н. Ельцина |
| | $c | 20151111 |
| | $g | RCR |
| | $2 | rusmarc |
| 852 | ## | $a | ГА РФ |
| | $j | 210 |
| 937 | ## | $d | 55380475 |
| | $h | ПБ |
| 035 | ## | $a | RuPRLIB51032023 |